| 000 | 00708nam a2200289Ia 4500 | ||
|---|---|---|---|
| 005 | 20260401125920.0 | ||
| 008 | 008 300114s9999 xx 000 0 eng d | ||
| 020 | _a9781282663220 | ||
| 037 | _aEBOOK | ||
| 040 | _aCRL | ||
| 040 | _beng | ||
| 040 | _cCRL | ||
| 041 | _2eng | ||
| 041 | _aeng | ||
| 084 | _qCRL | ||
| 100 |
_aDubey;Balakrishnan _91234022 |
||
| 245 | 0 | _aSocial Development in Independent India | |
| 250 | _a1 | ||
| 260 | _bPearson | ||
| 260 | _c2008 | ||
| 365 | _b27716.96052631579 | ||
| 650 | _aPolitical Science | ||
| 856 | _uhttps://admin.elibrary.in.pearson.com/api/1.0/org/24122025/launchlibrary | ||
| 942 | _cEBOOK | ||
| 999 |
_c1847948 _d1847948 |
||